[Event "Silkway Cup"]
[Site "T#646345FIDE"]
[Date "2020.05.26"]
[Round "6"]
[White "Powerstrong"]
[Black "Diana lomaia"]
[Result "0-1"]
[WhiteElo "1476"]
[BlackElo "1470"]
[Annotator "NA"]
[PlyCount "126"]
[EventDate "2020.05.26"]
[EventType "swiss (blitz)"]

1. e4 {[%emt 0:00:06]} c5 {[%emt 0:00:01]} 2. Nf3 {[%emt 0:00:06]} e6 {[%emt 0:00:01]} 3. d4 {[%emt 0:00:02]} cxd4 {[%emt 0:00:01]} 4. Nxd4 {[%emt 0:00:02]} Nc6 {[%emt 0:00:01]} 5. Nc3 {[%emt 0:00:03]} Qc7 {[%emt 0:00:02]} 6. g3 {[%emt 0:00:02]} a6 {[%emt 0:00:02]} 7. Bg2 {[%emt 0:00:01]} Nf6 {[%emt 0:00:01]} 8. O-O {[%emt 0:00:02]} Bb4 {[%emt 0:00:04]} 9. Re1 {[%emt 0:00:11]} d6 {[%emt 0:00:22]} 10. Nxc6 {[%emt 0:00:09]} bxc6 {[%emt 0:00:08]} 11. e5 {[%emt 0:00:01]} dxe5 {[%emt 0:00:13]} 12. Rxe5 {[%emt 0:00:01]} O-O {[%emt 0:00:04]} 13. Bf4 {[%emt 0:00:14]} Bd6 {[%emt 0:00:07]} 14. Rxe6 {[%emt 0:00:02]} Bxf4 {[%emt 0:00:15]} 15. Rxc6 {[%emt 0:00:03]} Qe7 {[%emt 0:00:06]} 16. gxf4 {[%emt 0:00:09]} Bb7 {[%emt 0:00:04]} 17. Rc5 {[%emt 0:00:14]} Qxc5 {[%emt 0:00:08]} 18. Bxb7 {[%emt 0:00:04]} Rab8 {[%emt 0:00:06]} 19. Bg2 {[%emt 0:00:07]} Rfd8 {[%emt 0:00:11]} 20. Qf3 {[%emt 0:00:05]} Qb4 {[%emt 0:00:29]} 21. b3 {[%emt 0:01:01]} Rbc8 {[%emt 0:00:12]} 22. Ne4 {[%emt 0:00:04]} Nxe4 {[%emt 0:00:22]} 23. Qxe4 {[%emt 0:00:00]} Rd4 {[%emt 0:00:02]} 24. Qf5 {[%emt 0:00:01]} Rcd8 {[%emt 0:00:06]} 25. c4 {[%emt 0:00:17]} Qc3 {[%emt 0:00:09]} 26. Rf1 {[%emt 0:00:10]} g6 {[%emt 0:00:09]} 27. Qf6 {[%emt 0:00:03]} Rd3 {[%emt 0:00:09]} 28. Qxc3 {[%emt 0:00:09]} Rxc3 {[%emt 0:00:01]} 29. Bd5 {[%emt 0:00:01]} Rc2 {[%emt 0:00:02]} 30. Re1 {[%emt 0:00:02]} Rxa2 {[%emt 0:00:04]} 31. Re7 {[%emt 0:00:01]} Rf8 {[%emt 0:00:01]} 32. Ra7 {[%emt 0:00:01]} Ra3 {[%emt 0:00:03]} 33. c5 {[%emt 0:00:01]} Ra5 {[%emt 0:00:07]} 34. b4 {[%emt 0:00:05]} Rb5 {[%emt 0:00:02]} 35. Ba2 {[%emt 0:00:21]} Rxb4 {[%emt 0:00:03]} 36. c6 {[%emt 0:00:00]} Rb2 {[%emt 0:00:05]} 37. Bd5 {[%emt 0:00:03]} Rc2 {[%emt 0:00:02]} 38. c7 {[%emt 0:00:02]} Rc8 {[%emt 0:00:03]} 39. Rxa6 {[%emt 0:00:05]} R8xc7 {[%emt 0:00:01]} 40. Ra8+ {[%emt 0:00:01]} Kg7 {[%emt 0:00:01]} 41. Kg2 {[%emt 0:00:01]} Rd7 {[%emt 0:00:02]} 42. Be4 {[%emt 0:00:01]} Rb2 {[%emt 0:00:03]} 43. Kg3 {[%emt 0:00:02]} Rdd2 {[%emt 0:00:01]} 44. Ra7 {[%emt 0:00:06]} Rxf2 {[%emt 0:00:02]} 45. Bd5 {[%emt 0:00:01]} Rxh2 {[%emt 0:00:03]} 46. Rxf7+ {[%emt 0:00:01]} Kh6 {[%emt 0:00:01]} 47. Bf3 {[%emt 0:00:02]} Rhd2 {[%emt 0:00:03]} 48. Rd7 {[%emt 0:00:01]} Rxd7 {[%emt 0:00:01]} 49. Kh4 {[%emt 0:00:01]} Rd4 {[%emt 0:00:01]} 50. Kg4 {[%emt 0:00:01]} Rbb4 {[%emt 0:00:01]} 51. Kh3 {[%emt 0:00:02]} Rxf4 {[%emt 0:00:01]} 52. Bg2 {[%emt 0:00:01]} Rh4+ {[%emt 0:00:01]} 53. Kg3 {[%emt 0:00:01]} Kg5 {[%emt 0:00:01]} 54. Kf2 {[%emt 0:00:00]} Rhc4 {[%emt 0:00:02]} 55. Kg1 {[%emt 0:00:00]} Rc3 {[%emt 0:00:02]} 56. Kh2 {[%emt 0:00:00]} Rh4+ {[%emt 0:00:02]} 57. Kg1 {[%emt 0:00:00]} Rc1+ {[%emt 0:00:01]} 58. Kf2 {[%emt 0:00:00]} Kf4 {[%emt 0:00:02]} 59. Bf3 {[%emt 0:00:00]} Rh2+ {[%emt 0:00:01]} 60. Bg2 {[%emt 0:00:01]} Rc2+ {[%emt 0:00:01]} 61. Kg1 {[%emt 0:00:01]} Rhxg2+ {[%emt 0:00:01]} 62. Kh1 {[%emt 0:00:01]} Rgd2 {[%emt 0:00:01]} 63. Kg1 {[%emt 0:00:01]} Rc1# {[%emt 0:00:01] (Lag: Av=0.69s, max=1.1s)} 0-1

[Event "Silkway Cup"]
[Site "T#646345FIDE"]
[Date "2020.05.26"]
[Round "7"]
[White "T-sanikidze"]
[Black "Nara_Kh"]
[Result "1-0"]
[WhiteElo "2767"]
[BlackElo "1599"]
[Annotator "TA"]
[PlyCount "129"]
[EventDate "2020.05.26"]
[EventType "swiss (blitz)"]

{[%evp 18,128,52,29,49,39,108,82,87,88,131,27,41,39,101,64,116,118,139,133,141,102,236,246,461,342,349,234,248,200,613,283,706,514,1018,1068,29987,716,670,515,612,607,543,496,441,402,827,839,701,703,694,697,665,676,602,622,645,580,5079,3896,1657,1593,29949,29948,29941,29952,29950,4923,29952,29950,29965,29963,29961,5353,29968,29969,29969,29970,29974,29971,29970,29968,29974,29975,29975,29963,29985,29977,29977,29977,29981,29977,29980,29981,29981,29982,29982,29982,29987,29988,29988,29988,29988,29989,29993,29994,29995,29996,29996,29997,29997,29998,29999]} 1. d4 d6 2. e4 Nf6 3. Nc3 g6 4. f4 Bg7 5. Nf3 c5 6. dxc5 Qa5 7. Bd3 Qxc5 8. Qe2 O-O 9. Be3 Qc7 10. O-O Nc6 {B09: Pirc Defence: Austrian Attack.} 11. a3 a6 (11... Bg4 $14) 12. Nd5 $16 Nxd5 {White is better.} 13. exd5 Nb8 14. c4 {[#]} (14. f5 $1 $16) 14... Nd7 $146 ({Predecessor:} 14... a5 15. Rac1 Na6 16. b3 Bg4 17. Rce1 Bxf3 18. Rxf3 Nc5 19. Bc2 Rfe8 20. f5 Nd7 {½-½ (49) Manish,K (2168)-Ilamparthi,A (1852) Mumbai 2020}) 15. Rac1 $36 {[%mdl 2048] Black is under pressure.} b6 (15... Nc5 $14) 16. b4 a5 ({Black should play} 16... Nf6 $14) 17. Nd4 Nf6 18. f5 $1 axb4 19. axb4 Ra4 {A mistake that costs the game.} (19... Nd7 $16) 20. Nc6 $18 b5 $2 (20... gxf5 {was called for.} 21. Bxf5 Bxf5) 21. fxg6 hxg6 22. Bd4 e5 23. dxe6 $1 (23. cxb5 Bg4 $14) 23... Bxe6 $2 (23... Qxc6 24. exf7+ (24. Bxf6 Bxe6 25. cxb5 Qb6+ 26. Kh1 Rxb4 $16) (24. cxb5 Qd5 $14) 24... Rxf7) 24. cxb5 (24. Bxf6 Qxc6 25. Bxg6 (25. cxb5 Qb6+ 26. Kh1 Rxb4 $16) (25. Bxg7 Kxg7 26. Bxg6 Qb6+ 27. c5 dxc5 $18) 25... Bxc4 $18) (24. Rxf6 $142 Bxf6 25. Bxf6 Qxc6 26. Bxg6 $1 {[%mdl 576] Deflection} fxg6 27. Qxe6+ Rf7 28. Bd4) 24... Nd5 $2 (24... Ng4 25. Bxg6 d5) 25. Kh1 Qb7 {[#]} (25... Qd7 $142 26. Bxg7 Kxg7 27. Qb2+ Kg8 28. Bxg6 Raa8) 26. Bxg6 $1 {[%mdl 512]} Nxb4 {[#]} (26... fxg6 27. Qxe6+) 27. Be4 (27. Bh7+ $142 $1 {[%mdl 512]} Kh8 (27... Kxh7 28. Qh5+) 28. Qh5 Bg4 29. Qh4 Bh5 30. Qxh5 f6 31. Bd3+ Bh6 32. Rxf6 {[%mdl 64] Overworked Piece} Rxf6 33. Qe8+ Kg7 34. Bxf6+ Kxf6 35. Qg6#) 27... Nxc6 28. Bxc6 {Hoping for Bxg7.} Qe7 29. Bxg7 Kxg7 30. Rc3 {aiming for Rg3+.} Rg4 31. Rh3 Rh8 (31... Qg5 $142 32. Qd3 Rh8 33. Rxh8 Kxh8) 32. Qb2+ f6 33. Rxh8 Kxh8 34. Qxf6+ Qxf6 35. Rxf6 {[%mdl 4096] Endgame KRB-KRB} Rb4 {( -> ...Rb1+)} 36. h3 Bc4 37. Rxd6 Bxb5 38. Rd8+ Kg7 39. Bxb5 Rxb5 {KR-KR} 40. Kh2 Rb3 41. Rd6 Kh7 42. Rc6 (42. h4 $142 Kg7 43. g4 Rb2+ 44. Kg3 Rb3+ 45. Kf4 Rb4+ 46. Kf5 Rb5+ 47. Ke4) 42... Kg7 43. h4 Kh7 44. g3 Kg7 45. Kh3 (45. h5 $142 Rb1 46. h6+ Kh7 47. Kh3 Rh1+ 48. Kg4 Rg1 49. Kh4 Rg2 50. g4) 45... Rb4 46. h5 {White mates.} Kh7 47. g4 Ra4 48. Kh4 Rb4 49. Rc7+ Kh8 50. h6 Rb5 51. g5 Ra5 52. Kh5 Rb5 53. Rd7 Ra5 54. Rf7 Rb5 55. Kg6 {[%cal Rf7f8]} Rb6+ 56. Rf6 Rb8 57. Rc6 Rg8+ 58. Kh5 Ra8 59. Rc5 Rb8 60. g6 Ra8 61. Kg5 Kg8 62. h7+ Kg7 63. Rc7+ Kh8 64. Kh6 {[%csl Gc7,Gh6][%cal Rg6g7]} Ra7 65. Rc8# {Accuracy: White = 68%, Black = 49%.} 1-0

[Event "Silkway Cup"]
[Site "T#646345FIDE"]
[Date "2020.05.26"]
[Round "7"]
[White "Eltaj Safarli"]
[Black "Meri-Arabidze"]
[Result "1-0"]
[WhiteElo "2713"]
[BlackElo "1684"]
[Annotator "TA"]
[PlyCount "67"]
[EventDate "2020.05.26"]
[EventType "swiss (blitz)"]

{[%evp 9,67,28,45,16,35,0,6,0,10,0,110,87,152,163,144,160,164,175,134,67,84,69,96,91,64,55,47,25,70,45,49,43,43,42,33,29,18,13,23,0,0,0,0,0,0,0,0,-4,40,13,100,97,138,108,841,136,134,115,141,60]} 1. e4 c5 2. Nc3 Nc6 3. Bb5 Nf6 4. Nf3 Qc7 5. O-O e6 6. Bxc6 {B30: Sicilian: 2...Nc6 3 Bb5, lines without ...g6.} Qxc6 7. e5 Nd5 8. Ne4 {The position is equal.} Be7 {[#]} 9. c4 $146 ({Predecessor:} 9. Re1 O-O 10. c4 Nb4 11. Qb3 b5 12. d3 a5 13. a3 a4 14. Qc3 Na6 15. cxb5 Qxb5 {0-1 (42) Mocanu,V (1800)-Vanduyfhuys,D (2058) Porto Carras 2018}) 9... Nb6 {[#]} (9... Ne3 $1 $11 {keeps the balance.} 10. Nd6+ (10. fxe3 Qxe4 11. d3 Qg6 $11) 10... Bxd6 11. fxe3 (11. dxe3 Be7 $11) 11... Be7) 10. Qe2 $1 $16 d5 (10... O-O $142) 11. exd6 $1 Bxd6 12. d4 O-O 13. Nxd6 ({Resist} 13. dxc5 Bxc5 14. Nxc5 Qxc5 $16) ({Don't take} 13. Nxc5 $6 e5 $14) 13... Qxd6 {[#]} 14. dxc5 (14. b4 $1 $16 {[%mdl 512]} cxd4 (14... cxb4 15. c5) 15. c5 {[%mdl 64] Double Attack}) 14... Qxc5 $14 15. b3 f6 16. a4 Re8 17. a5 {Threatens to win with Be3.} Nd7 18. Be3 Qh5 19. Qd1 Nf8 20. Nd2 Qg6 21. Qf3 e5 22. a6 e4 23. Qg3 bxa6 24. b4 f5 25. c5 $36 {[%mdl 2048] White has some pressure.} Bd7 26. Rfc1 Bb5 27. Nc4 Bxc4 28. Rxc4 Qc6 29. Qd6 Qxd6 (29... Rac8 $11 30. Rd4 (30. Rxa6 Qb7 $11) 30... Ne6) 30. cxd6 $16 Nd7 31. Rxa6 Nb6 $2 {[%mdl 8192]} (31... Kf7 $16) 32. Rc7 $2 (32. Bxb6 $18 {is the precise move to win.} axb6 33. d7) 32... Nd5 33. Rcxa7 Rxa7 34. Rxa7 {Accuracy: White = 73%, Black = 57%.} (34. Bxa7 $16 Kf7 35. Bc5) 1-0

[Event "Silkway Cup"]
[Site "T#646345FIDE"]
[Date "2020.05.26"]
[Round "7"]
[White "Kutiktau"]
[Black "NIKiler"]
[Result "1-0"]
[WhiteElo "2710"]
[BlackElo "1787"]
[Annotator "TA"]
[PlyCount "129"]
[EventDate "2020.05.26"]
[EventType "swiss (blitz)"]

{[%evp 19,128,28,40,20,52,22,20,0,30,20,16,10,20,24,24,35,47,50,37,18,63,11,11,0,13,-42,-31,-42,-34,-32,-39,-38,-18,-87,-25,-95,-106,-106,-104,-120,0,-543,-539,-544,0,0,0,-528,-510,-1096,-268,-262,0,-457,-422,-460,-450,-875,-825,-5489,-376,-662,-662,-658,-632,-697,0,-418,-401,-570,-413,-499,-484,-466,-456,-410,-453,-404,-416,-702,-690,-639,-562,-539,0,0,0,-504,-496,-1237,-1144,-1200,-1209,-1137,-1095,-1095,-860,-1063,0,-918,0,-984,0,-1053,-1049,-881,-839,-1050,29998,29999,29999]} 1. Nf3 Nf6 2. g3 c5 3. c4 Nc6 4. Bg2 d6 5. Nc3 g6 6. d4 cxd4 7. Nxd4 Bd7 8. O-O Bg7 9. Nc2 O-O 10. b3 Qa5 11. Bb2 {A38: Symmetrical English vs ...g6: 4 Bg2 Bg7 5 Nf3 Nf6.} Qh5 12. Ne3 Bh3 13. Qd2 {The position is equal.} Rac8 {[#]} (13... Bxg2 {seems wilder.} 14. Nxg2 Rfd8 15. Rfd1 e6 16. Nf4 Qa5) 14. Ncd5 $146 (14. Bf3 {looks sharper.} Qa5 15. Rfd1 Rfd8 16. Qc2 Qg5 17. Ncd5) ({Predecessor:} 14. Bf3 Qh6 15. Rfd1 Nd7 16. Bh1 Rfe8 17. Ncd5 Nde5 18. f4 Nd7 19. Bf3 a6 20. Rac1 {1-0 (68) Gergacz,A (2391)-Docx,S (2398) Brasschaat 2012}) 14... Bxg2 15. Kxg2 Nxd5 16. Nxd5 Bxb2 17. Qxb2 Rfe8 18. Rad1 Qe5 19. Qd2 Rcd8 20. h4 ({White should play} 20. f4 $14 Qf5 21. Nc3) 20... e6 $11 21. Ne3 h5 22. Qc1 (22. Rfe1 $11) 22... d5 $15 23. cxd5 exd5 {Strongly threatening ...d4.} 24. Rd2 d4 25. Nc4 Qd5+ 26. Kg1 (26. f3 $11) 26... Re4 (26... Qe6 $17) 27. Nb2 (27. f3 $11 Re7 28. Kg2) 27... Rde8 $17 28. Nd3 Qf5 $1 29. Re1 Rxh4 (29... g5 $17 30. Qc5 Ne5 31. Nxe5 R8xe5 32. Qxa7 gxh4) 30. Qc5 $2 {[%mdl 8192] [#]} (30. gxh4 $11 Qg4+ {[%mdl 64] Double Attack} 31. Kh2 Qxh4+ 32. Kg2 Qg4+ 33. Kh2 Qh4+ 34. Kg1) 30... Qh3 $3 $19 {[%csl Gh4][%cal Rh3h1][%mdl 512]} 31. gxh4 Qg4+ $2 ({Black should try} 31... Re4 $19 {[%cal Re4g4]} 32. Qg5 (32. f3 $2 Qg3+ 33. Kf1 Rxh4 $19) 32... Rg4+ 33. Qxg4 Qxg4+ 34. Kf1 Qxh4) 32. Kf1 $2 {[%mdl 8192]} (32. Kh2 $11 {and White stays safe.} Qxh4+ 33. Kg2 Qg4+ 34. Kh2 Qh4+ 35. Kg2) 32... Qh3+ $40 {[%mdl 128] Black is up to no good.} 33. Kg1 {Hoping for Qg5.} Re4 {[%cal Re4g4]} 34. f4 (34. Qg5 $142 Rg4+ 35. Qxg4 Qxg4+ 36. Kf1) 34... Qg3+ $2 (34... Re3 35. Qg5 Rg3+ 36. Qxg3 Qxg3+ 37. Kh1 Qh3+ 38. Kg1 Qe3+ 39. Kf1 Qxd2) 35. Kf1 {Threatens to win with Qg5.} Qh3+ $2 ({Better is} 35... Qe3 $19 36. Qd5 Nb4 37. Qxb7 Nxd3 {[%mdl 64] Pin} 38. Qb8+ Kg7 $1 {[%mdl 512]} 39. Rxd3 Rxf4+ 40. Qxf4 Qxf4+ 41. Kg1 Qg4+ 42. Kf1 Qxh4) 36. Kf2 $2 {[%mdl 8192]} (36. Kg1 $11) 36... Qe3+ 37. Kf1 {intending Qd5.} Qxd2 38. Qd5 (38. Qc1 $142 Qxa2 39. Nf2) 38... Qe3 39. Qd7 {[#]} Re7 $2 (39... Nb4 $1 {[%mdl 512]} 40. Qc8+ (40. Nxb4 Rxf4+) 40... Kg7 $1 {[%mdl 512]}) 40. Qc8+ $2 (40. Qd5) 40... Kg7 41. Kg2 Qe4+ 42. Kf2 Qe3+ 43. Kg2 a6 44. b4 (44. Qh3 $142 Qd2 45. Kf1) 44... Qd2 {[%mdl 64] Double Attack} 45. Kf1 Qxa2 46. f5 Qd5 47. f6+ Kxf6 {aiming for ...Qh1+.} 48. Qh8+ Kf5 {...Qh1+ is the strong threat.} 49. Kf2 (49. Kg1 $142 Qd6 50. Rf1+ Ke4 51. Nf4) 49... Qe4 50. Rf1 Qxe2+ 51. Kg1+ {[#]} Kg4 $2 (51... Ke4 $1 $19 52. Re1 Kxd3 53. Rxe2 Kxe2) 52. Nf2+ $1 $11 Kf5 $2 {[%mdl 8192]} ({Don't blunder} 52... Kxh4 $2 53. Qf6+ g5 54. Kg2 $18) (52... Kg3 $11 53. Nh1+ Kg4) 53. Nd3+ $1 $19 {[#]} Ke4 $1 {[%cal Re4d3]} 54. Nc5+ (54. Re1 $142 Kxd3 55. Rxe2 Rxe2 56. Qf6) 54... Kd5 {( -> ...Qg4+)} 55. Qf6 Qg4+ 56. Kh1 Qh3+ 57. Kg1 Qg3+ 58. Kh1 Qh3+ 59. Kg1 Qg4+ 60. Kh1 Qe2 $2 (60... a5 $19 61. Na4 Qh3+ 62. Kg1 Qg3+ 63. Kh1 axb4) 61. Na4 $2 {[%mdl 8192]} (61. Kg1 $11 Nxb4 62. Na4) 61... Qe4+ 62. Kg1 Qe3+ 63. Kh1 Qe5 $4 {[%mdl 8192]} (63... Qh3+ $19 64. Kg1 Qg3+ 65. Kh1 Kc4) 64. Nb6+ Ke4 65. Qf3# {Never resign too early! Accuracy: White = 42%, Black = 71%.} 1-0

[Event "Silkway Cup"]
[Site "T#646345FIDE"]
[Date "2020.05.26"]
[Round "7"]
[White "Lukiano"]
[Black "Mammadzada"]
[Result "1-0"]
[WhiteElo "2651"]
[BlackElo "1763"]
[Annotator "TA"]
[PlyCount "31"]
[EventDate "2020.05.26"]
[EventType "swiss (blitz)"]

{[%evp 14,31,13,4,22,-12,-7,0,41,49,90,75,130,124,164,174,179,171,489,502]} 1. e4 c5 2. Nf3 d6 3. d4 cxd4 4. Qxd4 Nf6 5. Nc3 a6 6. Bg5 Nc6 7. Qd2 e6 8. O-O-O h6 {B53: Sicilian: 2...d6: Lines with Qxd4.} 9. Bxf6 $5 {[%mdl 4] Leaves trodden paths.} Qxf6 10. h4 Be7 {The position is equal.} 11. Be2 Ne5 12. Nd4 {[#]} Ng6 $146 ({Black should play} 12... h5) ({Predecessor:} 12... Nc6 13. Nf5 exf5 14. Nd5 Qd4 15. Qxd4 Nxd4 16. Rxd4 Bd8 17. exf5 Bxf5 18. Ne3 Be6 {1-0 (60) Paichadze,L (2557)-Samant,A (2342) Mumbai 2019}) 13. g3 O-O 14. f4 Bd8 15. h5 Ne7 $2 {[#]} (15... Nh8 {is tougher.} 16. Nf3 Qe7 17. Qxd6 Qxd6 18. Rxd6 Bc7) 16. e5 $1 {[%mdl 512] Black did not feel at home in the position after the opening. Accuracy: White = 88%, Black = 18%.} 1-0

[Event "Silkway Cup"]
[Site "T#646345FIDE"]
[Date "2020.05.26"]
[Round "7"]
[White "EXpresident"]
[Black "Massapi"]
[Result "0-1"]
[WhiteElo "2648"]
[BlackElo "2554"]
[Annotator "TA"]
[PlyCount "82"]
[EventDate "2020.05.26"]
[EventType "swiss (blitz)"]

{[%evp 9,82,6,43,-15,-14,-88,-95,-92,-19,-76,-73,-71,-75,-72,-21,-13,-22,-137,-150,-141,-162,-178,-164,-201,-204,-249,-216,-333,-328,-343,-325,-311,-185,-262,-255,-355,-354,-339,-307,-333,-280,-437,-428,-659,-604,-585,-597,-740,-541,-1063,-528,-2432,-328,-318,-246,-533,-528,-533,-522,-499,0,-497,-496,-891,-814,-29978,-29979,-29980,-29981,-29982,-29983,-29982,-29981,-29978,-29975]} 1. e4 c5 2. Nf3 Nc6 3. Bb5 Nf6 4. Nc3 Qc7 5. Bxc6 Qxc6 6. O-O {B30: Sicilian: 2...Nc6 3 Bb5, lines without ...g6.} (6. Qe2 $14) 6... Nxe4 $11 {[#]} 7. d4 $146 {[#]} (7. Nxe4 $11 Qxe4 8. d4) ({Predecessor:} 7. Nxe4 Qxe4 8. Re1 Qd5 9. c4 Qxc4 10. d4 e6 11. b3 Qd5 12. Re5 Qc6 13. d5 {0-1 (25) Karadeniz,A (2300)-Parligras,M (2490) Istanbul 2002}) 7... Nxc3 $1 $17 8. bxc3 {Black is better.} d5 (8... e6 $17) 9. Re1 (9. Ne5 $11 {keeps the balance.} Qf6 10. c4) 9... Bg4 10. h3 Bxf3 11. Qxf3 e6 (11... c4 $17) 12. c4 $11 {And now cxd5 would win.} Rd8 13. Qg3 {Black keeps a firm grip on the game.} (13. Bg5 $11 Rd7 14. Rad1) 13... cxd4 $17 14. cxd5 Qxd5 15. Bf4 g6 16. Be5 Bd6 17. Rad1 O-O 18. f4 (18. Bxd6 $142 Qxd6 19. Re4) 18... Bxe5 $19 ({Much less strong is} 18... Qxa2 19. Qd3) 19. fxe5 Rc8 20. Rd2 Rc3 {[#]} (20... Qxa2 $142 21. Qf2 a5) 21. Qf4 (21. Qxc3 $142 $1 {[%mdl 512]} dxc3 22. Rxd5 exd5 23. Rd1) 21... Qc5 {Threatens to win with ...d3+.} 22. Kh2 Rxc2 23. Rxc2 Qxc2 24. Qxd4 Qxa2 {[%mdl 4096] Endgame KQR-KQR} 25. Rc1 (25. Ra1 $142 Qd5 26. Qxd5 exd5 27. Rxa7) 25... Qd5 26. Qf4 (26. Qxa7 $142 Qxe5+ 27. Kg1) 26... b5 {[%cal Bb7b5,Bb5b4][%mdl 32]} 27. h4 h5 28. Rc3 {[#]} b4 $1 29. Rg3 (29. Qxb4 Qxe5+) 29... b3 30. Qf6 {intending Rxg6+!} Qe4 $2 (30... Qb7 31. Re3 b2) 31. Rxb3 Qf5 32. Qe7 $2 (32. Qxf5 {was called for.} exf5 33. Ra3) 32... Qxe5+ 33. Kh3 Qf5+ 34. Kh2 Qe5+ 35. Kh3 $1 a5 {[%cal Ba7a5,Ba5a4][%mdl 32]} 36. Rb7 (36. Rf3 $142) 36... a4 37. Ra7 Qf5+ {Black mates.} 38. Kh2 Qf4+ 39. g3 Qf2+ 40. Kh3 Qf5+ 41. Kh2 Rc8 {Accuracy: White = 27%, Black = 66%.} 0-1

[Event "Silkway Cup"]
[Site "T#646345FIDE"]
[Date "2020.05.26"]
[Round "7"]
[White "Oligarkh"]
[Black "Rasulov Vugar"]
[Result "1-0"]
[WhiteElo "2578"]
[BlackElo "2207"]
[Annotator "TA"]
[PlyCount "91"]
[EventDate "2020.05.26"]
[EventType "swiss (blitz)"]

{[%evp 9,91,0,0,0,0,0,4,3,6,1,51,39,48,43,94,0,0,0,27,33,31,-4,60,72,181,191,192,184,181,175,188,173,175,172,222,223,222,216,200,220,213,214,213,216,212,11,16,12,35,30,83,90,224,161,160,154,161,161,205,193,251,252,245,226,236,204,372,206,411,398,609,606,582,562,1889,1174,4821,2225,29990,29991,29994,29995,29995,29996]} 1. d4 Nf6 2. c4 e6 3. Nc3 Bb4 4. e3 O-O 5. Nge2 c6 6. a3 {E46: Nimzo-Indian: Rubinstein: 4 e3 0-0 5 Ne2 without early Bd3.} Ba5 7. b4 Bc7 8. e4 {The position is equal.} d5 9. e5 {[#]} Ne4 $146 ({Predecessor:} 9... Ne8 10. Ng3 f6 11. exf6 Qxf6 12. Be3 a5 13. b5 c5 14. cxd5 cxd4 15. Bxd4 Qf7 {1-0 (24) Zhao,J (2638)-Ganguly,S (2640) chess.com INT 2020}) 10. Nxe4 dxe4 11. Nc3 $36 {[%mdl 2048] White is more active.} a5 ({Black should play} 11... c5 $14) 12. Rb1 ({Better is} 12. Be3 $16) 12... axb4 $11 13. axb4 f5 14. exf6 Qxf6 {[%csl Gf8][%cal Rf6f2]} 15. Be3 Qg6 (15... Bf4 $1 $11 16. Nxe4 Qg6 17. Bxf4 Rxf4) 16. g3 $14 Ra3 (16... e5 $16) 17. Qc1 $1 $18 {[%cal Rc1a3]} Ra8 18. Bg2 e5 {[#]} 19. d5 $1 ({Don't take} 19. Bxe4 $6 Bf5 $14) (19. Nxe4 $2 exd4 20. O-O (20. Bxd4 $2 Bh3 $19) 20... dxe3 $19) 19... Bf5 20. c5 cxd5 21. Nxd5 {And now Ne7+ would win.} Bd8 22. O-O Nc6 23. Qc4 Kh8 24. b5 Nd4 25. Bxd4 exd4 26. Qxd4 e3 27. fxe3 $2 (27. Nf4 $18 Qf7 28. Rbc1 (28. fxe3 Bf6 $14) (28. Qxe3 Bxb1 29. Rxb1 Bg5 $11)) 27... Bf6 $1 $11 {[%cal Rf6d4]} 28. Qb4 Bxb1 29. Qxb1 Qxb1 (29... Qe8 $11 {remains equal.}) 30. Rxb1 $16 Bg5 {Now Black is done in.} (30... Bd8 $16) 31. h4 Bd8 {[#]} 32. c6 $1 {[%cal Rc6c7]} bxc6 33. bxc6 Rc8 34. Rc1 Ba5 (34... Rc7 $142 35. Nxc7 Bxc7) 35. Bh3 $18 Rcd8 36. Bd7 g6 37. e4 Rf7 $2 (37... Rb8 38. c7 Bxc7) 38. Be6 (38. Ra1 $142 Ra8 39. Kg2) 38... Rf3 $2 (38... Rc7 {is a better defense.} 39. g4 Kg7) 39. Kg2 Ra3 (39... Rff8 $142 40. c7 Bxc7) 40. c7 Bxc7 41. Rxc7 {White threatens Nf6 and mate.} Rf8 42. e5 Ra2+ 43. Kh3 {Intending Nf6 and mate.} Rff2 44. Nf6 {[%csl Gf6][%cal Rc7h7][%mdl 64] Discovered Attack. White mates.} Rh2+ {[#]} 45. Kg4 $1 {[%csl Gf6][%cal Rc7h7]} Ra4+ 46. Kg5 {Accuracy: White = 76%, Black = 39%.} 1-0

[Event "Silkway Cup"]
[Site "T#646345FIDE"]
[Date "2020.05.26"]
[Round "7"]
[White "GadimbayliA"]
[Black "AbasovN"]
[Result "1/2-1/2"]
[WhiteElo "2498"]
[BlackElo "2616"]
[PlyCount "26"]
[EventDate "2020.05.26"]
[EventType "swiss (blitz)"]

1. e4 {[%emt 0:00:05]} c5 {[%emt 0:00:00]} 2. Nf3 {[%emt 0:00:01]} Nc6 {[%emt 0:00:00]} 3. Bb5 {[%emt 0:00:01]} g6 {[%emt 0:00:01]} 4. Bxc6 {[%emt 0:00:01]} dxc6 {[%emt 0:00:01]} 5. d3 {[%emt 0:00:01]} Bg7 {[%emt 0:00:01]} 6. h3 {[%emt 0:00:01]} Nf6 {[%emt 0:00:07]} 7. Nc3 {[%emt 0:00:01]} Nd7 {[%emt 0:00:05]} 8. Be3 {[%emt 0:00:01]} e5 {[%emt 0:00:01]} 9. Qd2 {[%emt 0:00:02]} h6 {[%emt 0:00:05]} 10. O-O {[%emt 0:00:02]} b6 {[%emt 0:00:06]} 11. a4 {[%emt 0:00:01]} a5 {[%emt 0:00:04]} 12. Nh2 {[%emt 0:00:02]} Nf6 {[%emt 0:00:01]} 13. Ne2 {[%emt 0:00:08]} g5 {[%emt 0:00:07] AbasovN offers a draw (Lag: Av=0.42s, max=0.9s)} 1/2-1/2

[Event "Silkway Cup"]
[Site "T#646345FIDE"]
[Date "2020.05.26"]
[Round "7"]
[White "Ka ch"]
[Black "Profi013"]
[Result "1-0"]
[WhiteElo "2205"]
[BlackElo "1726"]
[Annotator "NA"]
[PlyCount "45"]
[EventDate "2020.05.26"]
[EventType "swiss (blitz)"]

1. e4 {[%emt 0:00:01]} c5 {[%emt 0:00:25]} 2. Nf3 {[%emt 0:00:01]} d6 {[%emt 0:00:01]} 3. d4 {[%emt 0:00:01]} cxd4 {[%emt 0:00:00]} 4. Qxd4 {[%emt 0:00:00]} Nc6 {[%emt 0:00:02]} 5. Bb5 {[%emt 0:00:01]} Bd7 {[%emt 0:00:01]} 6. Bxc6 {[%emt 0:00:00]} Bxc6 {[%emt 0:00:01]} 7. Nc3 {[%emt 0:00:01]} Nf6 {[%emt 0:00:01]} 8. Bg5 {[%emt 0:00:01]} e6 {[%emt 0:00:00]} 9. O-O-O {[%emt 0:00:01]} Be7 {[%emt 0:00:01]} 10. Qd3 {[%emt 0:00:01]} Qa5 {[%emt 0:00:02]} 11. h4 {[%emt 0:00:04]} b5 {[%emt 0:00:05]} 12. Nd4 {[%emt 0:00:13]} Bd7 {[%emt 0:00:08]} 13. Ndxb5 {[%emt 0:00:28]} O-O {[%emt 0:00:15]} 14. Nxd6 {[%emt 0:00:06]} h6 {[%emt 0:00:04]} 15. Nc4 {[%emt 0:00:16]} Qc7 {[%emt 0:00:03]} 16. Bxf6 {[%emt 0:00:06]} Bxf6 {[%emt 0:00:01]} 17. e5 {[%emt 0:00:04]} Rfd8 {[%emt 0:00:29]} 18. exf6 {[%emt 0:00:12]} Rac8 {[%emt 0:00:03]} 19. Nd6 {[%emt 0:00:06]} Bc6 {[%emt 0:00:01]} 20. Qg3 {[%emt 0:00:05]} g6 {[%emt 0:00:01]} 21. Nxc8 {[%emt 0:00:03]} Qxc8 {[%emt 0:00:01]} 22. Rxd8+ {[%emt 0:00:10]} Qxd8 {[%emt 0:00:00]} 23. Qf4 {[%emt 0:00:03] Profi013 resigns (Lag: Av=0.45s, max=0.7s)} 1-0